UJI KAJI dengan BAHAN / (Record no. 178307)
[ view plain ]
| 000 -LEADER | |
|---|---|
| fixed length control field | 01317pam a2200385 i 4500 |
| 001 - CONTROL NUMBER | |
| control field | vtls000739556 |
| 003 - CONTROL NUMBER IDENTIFIER | |
| control field | PNM |
| 005 - DATE AND TIME OF LATEST TRANSACTION | |
| control field | 20200719165039.0 |
| 008 - FIXED-LENGTH DATA ELEMENTS--GENERAL INFORMATION | |
| fixed length control field | 140416s20142013my a j 000 0 may |
| 015 ## - NATIONAL BIBLIOGRAPHY NUMBER | |
| National bibliography number | M14-10470 |
| 020 ## - INTERNATIONAL STANDARD BOOK NUMBER | |
| International Standard Book Number | 9789674305567 |
| Qualifying information | set |
| International Standard Book Number | 9789674305437 |
| Qualifying information | paperback |
| 039 #9 - LEVEL OF BIBLIOGRAPHIC CONTROL AND CODING DETAIL [OBSOLETE] | |
| Level of rules in bibliographic description | 201412241641 |
| Level of effort used to assign nonsubject heading access points | habirah |
| Level of effort used to assign subject headings | 201409221147 |
| Level of effort used to assign classification | amy_z |
| Level of effort used to assign subject headings | 201409081242 |
| Level of effort used to assign classification | norsyahiza |
| Level of effort used to assign subject headings | 201404170828 |
| Level of effort used to assign classification | azma |
| 040 ## - CATALOGING SOURCE | |
| Original cataloging agency | BNM |
| Language of cataloging | eng |
| Transcribing agency | BNM |
| Description conventions | rda |
| Modifying agency | PPAK |
| 049 ## - LOCAL HOLDINGS (OCLC) | |
| Holding library | mal |
| 082 04 - DEWEY DECIMAL CLASSIFICATION NUMBER | |
| Classification number | 530.078 |
| Edition number | 23 |
| 090 00 - LOCALLY ASSIGNED LC-TYPE CALL NUMBER (OCLC); LOCAL CALL NUMBER (RLIN) | |
| Classification number (OCLC) (R) ; Classification number, CALL (RLIN) (NR) | 530.078 |
| Feature heading | UJI |
| Feature heading | K |
| 240 00 - UNIFORM TITLE | |
| Uniform title | Experiments with Materials. |
| Language of a work | English |
| 245 00 - TITLE STATEMENT | |
| Title | UJI KAJI dengan BAHAN / |
| Statement of responsibility, etc. | Penterjemah Nur Ain Hafiza Mat Jusoh |
| 246 33 - VARYING FORM OF TITLE | |
| Display text | Translation of: |
| Title proper/short title | Experiments with materials |
| 264 #1 - PRODUCTION, PUBLICATION, DISTRIBUTION, MANUFACTURE, AND COPYRIGHT NOTICE | |
| Place of production, publication, distribution, manufacture | Kuala Lumpur : |
| Name of producer, publisher, distributor, manufacturer | Institut Terjemahan & Buku Malaysia, |
| Date of production, publication, distribution, manufacture, or copyright notice | 2014 |
| Date of production, publication, distribution, manufacture, or copyright notice | ©2013 |
| 300 ## - PHYSICAL DESCRIPTION | |
| Extent | 26 pages : |
| Other physical details | colour illustrations ; |
| Dimensions | 28 cm. |
| 336 ## - CONTENT TYPE | |
| Content type term | text |
| Source | rdacontent |
| 337 ## - MEDIA TYPE | |
| Media type term | unmediated |
| Source | rdamedia |
| 338 ## - CARRIER TYPE | |
| Carrier type term | volume |
| Source | rdacarrier |
| 490 1# - SERIES STATEMENT | |
| Series statement | SIRI UJI KAJI ITBM |
| 650 10 - SUBJECT ADDED ENTRY--TOPICAL TERM | |
| Topical term or geographic name entry element | Materials |
| General subdivision | Experiments |
| Form subdivision | Juvenile literature |
| 700 0# - ADDED ENTRY--PERSONAL NAME | |
| Personal name | Nur Ain Hafiza Mat Jusoh, |
| Relator term | translator. |
| 765 ## - ORIGINAL LANGUAGE ENTRY | |
| Place, publisher, and date of publication | New Delhi: Sterling Publishers Pvt. Ltd., 2013. |
| Title | Experiments with Materials. |
| 830 #0 - SERIES ADDED ENTRY--UNIFORM TITLE | |
| Uniform title | Siri uji kaji ITBM |
| 942 ## - ADDED ENTRY ELEMENTS (KOHA) | |
| Source of classification or shelving scheme | Dewey Decimal Classification |
| Koha item type | Book |
| 949 ## - LOCAL PROCESSING INFORMATION (OCLC) | |
| 6 | 3000034433 |
| 6 | 3000034432 |
| Withdrawn | Not for loan | Current library | Shelving location | Date acquired | Full call number | Barcode | Date last seen | Koha item type |
|---|---|---|---|---|---|---|---|---|
| Perpustakaan Langkawi | Pinjaman Kanak-kanak | 28/07/2020 | K 530.078 UJI | A00739260 | 28/07/2020 | Book |